Great dialogues of Plato : (Record no. 205)

000 -LEADER
fixed length control field 01618cam a22003614a 4500
003 - CONTROL NUMBER IDENTIFIER
control field ALUPE UNIVERSITY
005 - DATE AND TIME OF LATEST TRANSACTION
control field 20210610051616.0
008 - FIXED-LENGTH DATA ELEMENTS--GENERAL INFORMATION
fixed length control field 090226r20081956nyua b 001 0 eng d
020 ## - INTERNATIONAL STANDARD BOOK NUMBER
International Standard Book Number 0451530853 (pbk.)
020 ## - INTERNATIONAL STANDARD BOOK NUMBER
International Standard Book Number 9780451530851 (pbk.)
040 ## - CATALOGING SOURCE
Transcribing agency BKL
042 ## - AUTHENTICATION CODE
Authentication code lccopycat
050 00 - LIBRARY OF CONGRESS CALL NUMBER
Classification number B 358
Item number .R6 2008
100 0# - MAIN ENTRY--PERSONAL NAME
Personal name Plato.
240 10 - UNIFORM TITLE
Form subheading Selections.
245 10 - TITLE STATEMENT
Title Great dialogues of Plato :
Remainder of title complete text of The republic, The apology, Crito, Phaedo, Ion, Meno, Symposium /
Statement of responsibility, etc. translated by W.H.D. Rouse ; with a new introduction by Matthew S. Santirocco.
260 ## - PUBLICATION, DISTRIBUTION, ETC.
Place of publication, distribution, etc. New York :
Name of publisher, distributor, etc. Signet Classic,
Date of publication, distribution, etc. 2008, c1956.
300 ## - PHYSICAL DESCRIPTION
Extent xxiii, 630 p. :
Other physical details ill. ;
Dimensions 18 cm.
500 ## - GENERAL NOTE
General note "For the 2008 edition, Signet Classics took the liberty of correcting some errors in the original Greek'--Editor's note.
504 ## - BIBLIOGRAPHY, ETC. NOTE
Bibliography, etc. note Includes bibliographical references and index.
650 #0 - SUBJECT ADDED ENTRY--TOPICAL TERM
Topical term or geographic name entry element Philosophy, Ancient.
700 1# - ADDED ENTRY--PERSONAL NAME
Personal name Rouse, W. H. D.
Fuller form of name (William Henry Denham),
Dates associated with a name 1863-1950.
700 1# - ADDED ENTRY--PERSONAL NAME
Personal name Santirocco, Matthew S.,
Dates associated with a name 1950-
906 ## - LOCAL DATA ELEMENT F, LDF (RLIN)
a 7
b cbc
c copycat
d 2
e ncip
f 20
g y-gencatlg
942 ## - ADDED ENTRY ELEMENTS (KOHA)
Source of classification or shelving scheme
Koha item type Book
Suppress in OPAC DO
Holdings
Withdrawn status Lost status Source of classification or shelving scheme Damaged status Not for loan Permanent Location Current Location Shelving location Date acquired Total Checkouts Full call number Barcode Date last seen Date last checked out Price effective from Koha item type Public note
          AU LIBRARY AU LIBRARY Open Shelf 10.06.2021 2 B 358 .R6 2008 28002800 09.11.2022 27.10.2022 10.06.2021 Book DO

Powered by Koha